000 00402cam a22001457a 4500
008 180718b1962 xxu||||| |||| 00| 0 eng d
082 _aT394x4 M454
100 _aMayne, Richard
245 _aThe community of Europe
_cby Richard Mayne
260 _aLondon
_bGollancz
_c1962
300 _a192p.
650 _aTarriff - Europe
650 _aEuropean Economic Community
650 _aEuropean Commonmarket
999 _c373618
_d373618